Les familles de langues dans le monde - Statistiques

Statistiques générales
  • Ce quiz a été pris 95 fois
    78 depuis la dernière actualisation
  • Le résultat moyen est 6 sur 17
Statistiques - réponses
Familles de grande extension % Correct
Langues Indo-européennes
98%
Langues Turciques
54%
Langues Chamito-sémitiques
46%
Langues Austronésiennes
43%
Langues Ouraliennes
43%
Langues Japoniques
37%
Langues Nigéro-congolaises
37%
Langues Sino-tibétaines
37%
Langues Mongoliques
33%
Langues Dravidiennes
30%
Langues Coréaniques
20%
Langues Austroasiatiques
17%
Langues Eskimo-aléoutes
17%
Langues Tai-kadai
17%
Langues Nilo-sahariennes
11%
Langues Toungouses
7%
Langues Hmong-mien
2%
Aucun quiz correspondant
Distribution des résultats
% des personnes avec chaque résultat
Percentile par nombre de réponses
Votre historique - résultats
Vous n’avez pas pris ce quiz depuis la dernière actualisation